01271nam a2200301 i 450000500170000000800410001702000150005804000350007304100080010808200170011610000250013324501230015825000220028126400360030330000630033933600270040233700330042933800280046265000400049065000390053065000540056970000300062370000250065394200120067899900150069095201330070595201310083820220316235611.0121119s2001 ck a gs 000 0 spa d a9589686419 aCO-BoRNBPbspacCO-BoRNBPerda aspa04a635.92bS15P1 aGill, Stantoneautor10aPlagas y enfermedades de los cultivos de floresbestrategias biológicascGill Stanton, David L. Clement, Ethel Dutky aPrimera edición 1aBogotábBall Publishingc2001 a304 páginasbilustraciones, fotografías a colorc23 cm atextobtxt2rdacontent asin mediaciónbn2rdamedia avolumenbnc2rdacarrier14aFloresxEnfermedades y plagas2LEMB14aControl de plagas en plantas2LEMB14aPlantas ornamentalesxEnfermedades y plagas2LEMB1 aClement, David L.91270501 aDutky, Ethel9127051 2ddccBK c1502d1502 00102ddc40708GENaMEPLLERASbMEPLLERAScGENd2023-06-09l0o635.92 S15ppPLL00607r2023-06-09 00:00:00tEj.1w2023-06-09yBK 00102ddc40708GENaMEVHERMObMEVHERMOcGENd2023-09-26l0o635.92 S15ppVIS00804r2023-09-26 20:02:22tEj.1w2023-09-26yBK